000 00256nam a2200097Ia 4500
001 683575
005 20250826161441.0
008 250824s9999 xx 000 0 und d
245 0 _aBATTAL GAZİ KORKUSUZ SAVAŞÇI
_cİBRAHİM ÜNSAL
260 _bHAYAT YAYINLARI
999 _c683575
_d683575